Khảo sát hoạt độ 210Po trong các sản phẩm trà trên thị trường tại Việt Nam : Luận văn Thạc sĩ Vật lý chuyên ngành: Vật lý kỹ thuật
Đề tài tìm hiểu tổng quan về đồng vị phóng xạ Polonium, hệ phổ kế Alpha với các phép đo mẫu, thực nghiệm đo đạc nồng độ 210Po trong lá trà bằng hệ phổ kế Alpha Analyst.
Na minha lista:
| Autor principal: | |
|---|---|
| Autor Corporativo: | |
| Formato: | Livro |
| Idioma: | Undetermined |
| Publicado em: |
Cần Thơ
Trường Đại học Cần Thơ
2014
|
| Assuntos: | |
| Tags: |
Adicionar Tag
Sem tags, seja o primeiro a adicionar uma tag!
|
| Thư viện lưu trữ: | Trung tâm Học liệu Trường Đại học Cần Thơ |
|---|
| LEADER | 01106nam a2200229Ia 4500 | ||
|---|---|---|---|
| 001 | CTU_193045 | ||
| 008 | 210402s9999 xx 000 0 und d | ||
| 082 | |a 539.77 | ||
| 082 | |b V308 | ||
| 088 | |a 60440103 | ||
| 100 | |a Nguyễn, Quốc Việt | ||
| 110 | |a . | ||
| 245 | 0 | |a Khảo sát hoạt độ 210Po trong các sản phẩm trà trên thị trường tại Việt Nam : | |
| 245 | 0 | |b Luận văn Thạc sĩ Vật lý chuyên ngành: Vật lý kỹ thuật | |
| 245 | 0 | |c Nguyễn Quốc Việt ; Lê Công Hảo (Cán bộ hướng dẫn) | |
| 260 | |a Cần Thơ | ||
| 260 | |b Trường Đại học Cần Thơ | ||
| 260 | |c 2014 | ||
| 520 | |a Đề tài tìm hiểu tổng quan về đồng vị phóng xạ Polonium, hệ phổ kế Alpha với các phép đo mẫu, thực nghiệm đo đạc nồng độ 210Po trong lá trà bằng hệ phổ kế Alpha Analyst. | ||
| 650 | |a Radiometry,Đo phóng xạ | ||
| 904 | |i Hải | ||
| 980 | |a Trung tâm Học liệu Trường Đại học Cần Thơ | ||